| 000 | 00831pam a2200253 a 4500 | ||
|---|---|---|---|
| 999 |
_c26970 _d26970 |
||
| 001 | 1406181 | ||
| 003 | OSt | ||
| 005 | 20170207100249.0 | ||
| 008 | 830729s1984 nyua 001 0 eng | ||
| 010 | _a 83012914 | ||
| 020 | _a0030511666 (pbk.) | ||
| 040 |
_aDLC _cDLC _dDLC |
||
| 050 | 0 | 0 |
_aNK1510 _b.Z44 1984 |
| 082 | 0 | 0 |
_a745.4 _219 |
| 100 | 1 | _aZelanski, Paul. | |
| 245 | 1 | 0 |
_aDesign principles and problems / _cPaul Zelanski, Mary Pat Fisher. |
| 260 |
_aNew York : _bHolt, Rinehart, and Winston, _c1984. |
||
| 300 |
_axii, 292 p. : _bill. (some col.) ; _c26 cm. |
||
| 500 | _aIncludes index. | ||
| 650 | 0 | _aDesign. | |
| 700 | 1 |
_aFisher, Mary Pat, _d1943- |
|
| 906 |
_a7 _bcbc _corignew _d1 _eocip _f19 _gy-gencatlg |
||
| 942 |
_2lcc _cBOOKS _hNK 1510 .Z44 1984 |
||